Villes d’Argentine - Mort subite - Statistiques

Statistiques générales
  • Ce quiz a été pris 107 fois
  • Le résultat moyen est 8 sur 15
Answers on the Grid
Answers color-coded by a green-red scale on the quiz's grid according to % correct below.
Buenos Aires
Córdoba
Rosario
Mendoza
San Miguel de Tucumán
La Plata
Mar del Plata
Salta
Santa Fe
San Juan
Resistencia
Santiago del Estero
Ushuaïa
Río Grande
Bahía Blanca
Monterrey
Lima
Madrid
Quito
Boca Juniors
Cadix
Perpignan
El Paso
Culiacán
 
Statistiques - réponses
Réponse % Correct
Buenos Aires
89%
Rosario
79%
Ushuaïa
67%
Mendoza
66%
La Plata
64%
Córdoba
61%
Mar del Plata
53%
Salta
52%
San Miguel de Tucumán
51%
Santiago del Estero
47%
Santa Fe
43%
Resistencia
40%
San Juan
35%
Río Grande
27%
Bahía Blanca
26%
Aucun quiz correspondant
Distribution des résultats
% des personnes avec chaque résultat
Percentile par nombre de réponses
Votre historique - résultats
Vous n’avez pas pris ce quiz